Beginning and development of Irish music and dance bakalárska práca

Enregistré dans:
Détails bibliographiques
Auteur principal: Oroszová, Alexandra
Collectivité auteur: Fakulta aplikovaných jazykov EU v Bratislave. Katedra jazykovedy a translatológie
Autres auteurs: Lorková, Zuzana
Format: Livre
Langue:anglais
Publié: Bratislava 2015
Tags: Ajouter un tag
Pas de tags, Soyez le premier à ajouter un tag!

MARC

LEADER 00000nbm a2200000 4500
001 0202031
005 20161212094221.4
041 0 |a eng 
044 |a SK 
245 1 0 |a Beginning and development of Irish music and dance  |b bakalárska práca  |c Alexandra Oroszová ; školiteľ: Zuzana Lorková 
264 1 |a Bratislava  |c 2015 
300 |a 37 s. 
100 1 |a Oroszová, Alexandra 
700 1 |a Lorková, Zuzana 
710 2 |a Fakulta aplikovaných jazykov EU v Bratislave. Katedra jazykovedy a translatológie